LEADER 01012nam a2200253 i 4500 001 000000139221 003 CaOOAMICUS 005 20050519000000.0 008 050519s1972 it u000 u ita u 013 $a113225 040 $aSeMil$bita 100 1 $aStäuble, Antonio.$0(OLS)http://semarc/name/56252 245 10$aSincerità e artificio in Gozzano /$cAntonio Stäuble. 260 $aRavenna :$bLongo,$cstampa 1972. 300 $a180 p. ;$c22 cm. 490 0 $aIl portico : biblioteca di lettere e arti ;$v39 500 $aContiene : Nota bibliografica. 600 14$aGozzano, Guido <1883-1916>.$0(OLS)http://semarc/subject/8508 830 3$aIl portico [Longo] ;$v39.$0(OLS)http://semarc/title/5606 850 $aSeMil 852 $aSeMil$W1$xVenegono$y1$m1D IV 125$j92658$B92658$CSeMilBibl$Z2$F97881 $81 961 $aOmaggio: Poma mons. Gianfranco 996 $6245$aSincerità e artificio in Gozzano$9(OLS)http://semarc/title/203484 996 $6260$aRavenna :$bLongo$9(OLS)http://semarc/publisher/30720 LEADER 01427nam a2200217 4500 001 000000338386 003 CaOOAMICUS 005 20191206120743.0 008 191206s1814 it 000 u ita r 040 $aSeMil$bita 100 01$aBolgeni, Giovanni Vincenzo,$d<1733-1811>.$0(OLS)http://semarc/name/23348 245 00$aConfutazione della dissertazione del signor abate Gian-Vincenzo Bolgeni intitolata Il possesso principio fondamentale per decidere i casi morali indirizzata allo stesso illustre dissertatore da un sacerdote carmelitano scalzo. Parte 1. [-2.]. 264 1$aVenezia :$bTipografia Santini,$c1814. 300 $a2 v. ;$c8° 752 $aIT$dVenezia 774 0 $aBolgeni, Giovanni Vincenzo <1733-1811>$tParte seconda a cui si premette un'appendice alla prima, e si aggiunge una dissertazione sopra una supposta decisione del Sacro concilio di Trento.$dVenezia : Tipografia Santini, 1814.$w()338387 850 $aSeMil 852 $aSeMil$W1$xVenegono$y1$aVol. 2$B229637$CSeMilBibl$Z2$F229637 $8I 996 $6245$aConfutazione della dissertazione del signor abate Gian-Vincenzo Bolgeni intitolata Il possesso principio fondamentale per decidere i casi morali indirizzata allo stesso illustre dissertatore da un sacerdote carmelitano scalzo. Parte 1. [-2.]$9(OLS)http://semarc/title/427267 996 $6264$aVenezia :$bTipografia Santini$9(OLS)http://semarc/publisher/58724